Mafalda (Record no. 28167)

MARC details
000 -LEADER
fixed length control field 01666cam a2200373Ia 4500
001 - CONTROL NUMBER
control field 53011629
003 - CONTROL NUMBER IDENTIFIER
control field OCoLC
005 - DATE AND TIME OF LATEST TRANSACTION
control field 20230613204458.0
008 - FIXED-LENGTH DATA ELEMENTS--GENERAL INFORMATION
fixed length control field 030911s2001 ag a j 6 000 | spa d
020 ## - INTERNATIONAL STANDARD BOOK NUMBER
International Standard Book Number 9505156057
020 ## - INTERNATIONAL STANDARD BOOK NUMBER
International Standard Book Number 9789505156054
035 ## - SYSTEM CONTROL NUMBER
System control number (OCoLC)53011629
040 ## - CATALOGING SOURCE
Original cataloging agency N94
Language of cataloging eng
Transcribing agency N94
Modifying agency TEF
-- BAKER
-- OCLCQ
-- YDXCP
-- OCLCF
-- OCLCO
041 ## - LANGUAGE CODE
Language code of text/sound track or separate title spa
050 14 - LIBRARY OF CONGRESS CALL NUMBER
Classification number PN6790.A74
Item number M345 2001
082 04 - DEWEY DECIMAL CLASSIFICATION NUMBER
Classification number 741.5
Edition number 22
100 0# - MAIN ENTRY--PERSONAL NAME
Personal name Quino.
Authority record control number https://id.loc.gov/authorities/names/n83019479.
245 10 - TITLE STATEMENT
Title Mafalda
Number of part/section of a work 5 /
Statement of responsibility, etc. Quino.
246 ## - VARYING FORM OF TITLE
Title proper/short title Mafalda five
264 #1 - PRODUCTION, PUBLICATION, DISTRIBUTION, MANUFACTURE, AND COPYRIGHT NOTICE
Place of production, publication, distribution, manufacture Buenos Aires, Argentina :
Name of producer, publisher, distributor, manufacturer Rafael Caldaza :
-- Ediciones de la flor,
Date of production, publication, distribution, manufacture, or copyright notice 2001.
300 ## - PHYSICAL DESCRIPTION
Extent 1 volume (unpaged) :
Other physical details illustrations ;
Dimensions 14 x 20 cm.
336 ## - CONTENT TYPE
Content type term text
Content type code txt
Source rdacontent.
337 ## - MEDIA TYPE
Media type term unmediated
Media type code n
Source rdamedia.
338 ## - CARRIER TYPE
Carrier type term volume
Carrier type code nc
Source rdacarrier.
385 ## - AUDIENCE CHARACTERISTICS
Demographic group code age
Audience term Children
Source lcdgt.
650 #0 - SUBJECT ADDED ENTRY--TOPICAL TERM
Topical term or geographic name as entry element Comic books, strips, etc.
Authority record control number https://id.loc.gov/authorities/subjects/sh85028863
Form subdivision Juvenile literature.
Authority record control number https://id.loc.gov/authorities/subjects/sh99001674.
650 #0 - SUBJECT ADDED ENTRY--TOPICAL TERM
Topical term or geographic name as entry element Mafalda (Fictitious character : Quino)
Authority record control number https://id.loc.gov/authorities/subjects/sh2003007002
Form subdivision Juvenile literature.
Authority record control number https://id.loc.gov/authorities/subjects/sh99001674.
655 #7 - INDEX TERM--GENRE/FORM
Genre/form data or focus term Juvenile works.
Source of term fast
Authority record control number (OCoLC)fst01411637.
655 #7 - INDEX TERM--GENRE/FORM
Genre/form data or focus term Graphic novels.
Source of term lcgft
Authority record control number https://id.loc.gov/authorities/genreForms/gf2014026362.
655 #7 - INDEX TERM--GENRE/FORM
Genre/form data or focus term Comics (Graphic works)
Source of term lcgft
Authority record control number https://id.loc.gov/authorities/genreForms/gf2014026266.
655 #7 - INDEX TERM--GENRE/FORM
Genre/form data or focus term Literature.
Source of term lcgft
Authority record control number https://id.loc.gov/authorities/genreForms/gf2014026415.
700 0# - ADDED ENTRY--PERSONAL NAME
Personal name Quino.
Authority record control number https://id.loc.gov/authorities/names/n83019479.
942 ## - ADDED ENTRY ELEMENTS (KOHA)
Koha item type Libro/Book
Holdings
Withdrawn status Lost status Damaged status Not for loan Home library Current library Shelving location Date acquired Total Checkouts Full call number Barcode Date last seen Date checked out Price effective from Koha item type
        San Juan Del Sur -- Biblioteca San Juan Del Sur -- Biblioteca Children's Area 13/06/2023 1 JFI CAJA/ESTANTE ESPANOL 30023143 18/08/2023 15/08/2023 13/06/2023 Libro/Book

Powered by Koha